| 000 | 00611nam a2200229Ia 4500 | ||
|---|---|---|---|
| 003 | OSt | ||
| 005 | 20230525091645.0 | ||
| 008 | 210423s2013 xx 000 0 und d | ||
| 020 | _a978-81-7754-508-1 | ||
| 040 | _cAL | ||
| 041 | _aeng | ||
| 082 |
_a574.87322 _223 _bNAGC |
||
| 100 |
_aNAGAR (Santhosh);ADHAV (Madhavi) _9113425 |
||
| 245 | _aCytogenetics and molecular biology | ||
| 260 |
_aJodhpur _bAgrobios _c2013 |
||
| 300 |
_axxi,373 _bHB |
||
| 365 |
_b1500 _cINR |
||
| 650 |
_aBiology _9113426 |
||
| 650 |
_aCell Biology _9113427 |
||
| 906 | _abiology ; Cytogenetics ; molecular | ||
| 942 |
_2ddc _cBK |
||
| 999 |
_c167277 _d167277 |
||